Spiritfarer Characters - Statistics

General Stats
  • This quiz has been taken 8 times
  • The average score is 19 of 22
Answer Stats
Picture Answer % Correct
Alice
100%
Atul
100%
Daffodil
100%
Gwen
100%
Jackie
100%
Stella
100%
Summer
100%
Albert
83%
Alex
83%
Astrid
83%
Beverly
83%
Bruce & Mickey
83%
Buck
83%
Elena
83%
Giovanni
83%
Gustav
83%
Lily
83%
Stanley
83%
Susan
83%
Daria
67%
Francis
67%
Theodore
67%
No matching quizzes found
Score Distribution
Percent of People with Each Score
Percentile by Number Answered
Your Score History
You have not taken this quiz